| 000 | 00606cam a2200253 a 4500 | ||
|---|---|---|---|
| 001 | 17458345 | ||
| 005 | 20180314083139.0 | ||
| 008 | 120907s2014 njua 001 0 eng | ||
| 010 | _a 2012036465 | ||
| 020 | _a9780133346831 | ||
| 020 | _a0133346838 | ||
| 035 | _a(DNLM)101591782 | ||
| 040 |
_aDNLM/DLC _cDLC _dDLC |
||
| 041 | _aeng | ||
| 042 | _apcc | ||
| 060 | 1 | 0 | _aW 18.2 |
| 080 | _a610.14 tur | ||
| 082 | 0 | 0 |
_a610.14 tur _223 |
| 100 | 1 | _a4 | |
| 101 | _ashm | ||
| 245 | 1 | 0 |
_aMedical language / _cSusan M. Turley. |
| 906 |
_a7 _bcbc _corignew _d1 _eecip _f20 _gy-gencatlg |
||
| 942 |
_2ddc _cBK |
||
| 999 |
_c45018 _d45018 |
||